Влияние ВЧМР плазмы на морфологию и структуру поверхности биорезорбируемых полимерных пленок; Перспективы развития фундаментальных наук
| Parent link: | Перспективы развития фундаментальных наук.— 2015.— [С. 763-765] |
|---|---|
| Main Author: | |
| Corporate Author: | |
| Other Authors: | |
| Summary: | Заглавие с экрана Поверхность биорезорбируемого полимера (полимолочной кислоты) модифицирована методом высокочастотного магнетронного распыления твердотельной мишени из гидроксиапатита. Воздействие плазмы и осаждение материала мишени на полимерную плёнку приводит к изменению морфологии её поверхности, увеличению шероховатости и кристалличности. Изменение морфологии поверхности пленок полимолочной кислоты связано с различной устойчивостью к воздействию плазмы аморфных и кристаллических фаз полимера. Рентгеноструктурным анализом подтверждено увеличение степени кристалличности полимера под действием ВЧМР плазмы. |
| Language: | English |
| Published: |
2015
|
| Series: | Биология и медицина |
| Subjects: | |
| Online Access: | http://earchive.tpu.ru/handle/11683/19031 http://www.lib.tpu.ru/fulltext/c/2015/C21/240.pdf |
| Format: | MixedMaterials Electronic Book Chapter |
| KOHA link: | https://koha.lib.tpu.ru/cgi-bin/koha/opac-detail.pl?biblionumber=613099 |
MARC
| LEADER | 00000naa2a2200000 4500 | ||
|---|---|---|---|
| 001 | 613099 | ||
| 005 | 20231101132736.0 | ||
| 035 | |a (RuTPU)RU\TPU\conf\11230 | ||
| 035 | |a RU\TPU\conf\11229 | ||
| 090 | |a 613099 | ||
| 100 | |a 20150707d2015 k y0rusy50 ca | ||
| 101 | 0 | |a eng |d eng | |
| 102 | |a RU | ||
| 105 | |a a z 101zy | ||
| 135 | |a drcn ---uucaa | ||
| 181 | 0 | |a i | |
| 182 | 0 | |a b | |
| 200 | 1 | |a Влияние ВЧМР плазмы на морфологию и структуру поверхности биорезорбируемых полимерных пленок |d Influence of RF magnetron plasma on morphology and the surface structure bioresorbable polymer films |f Н. Н. Богомолова |g науч. рук. С. И. Твердохлебов | |
| 203 | |a Текст |c электронный | ||
| 215 | |a 1 файл(373 Кб) | ||
| 225 | 1 | |a Биология и медицина | |
| 230 | |a Электронные текстовые данные (1 файл: 373 Кб) | ||
| 300 | |a Заглавие с экрана | ||
| 320 | |a [Библиогр.: с. 765 (4 назв.)] | ||
| 330 | |a Поверхность биорезорбируемого полимера (полимолочной кислоты) модифицирована методом высокочастотного магнетронного распыления твердотельной мишени из гидроксиапатита. Воздействие плазмы и осаждение материала мишени на полимерную плёнку приводит к изменению морфологии её поверхности, увеличению шероховатости и кристалличности. Изменение морфологии поверхности пленок полимолочной кислоты связано с различной устойчивостью к воздействию плазмы аморфных и кристаллических фаз полимера. Рентгеноструктурным анализом подтверждено увеличение степени кристалличности полимера под действием ВЧМР плазмы. | ||
| 337 | |a Adobe Reader | ||
| 463 | 1 | |0 (RuTPU)RU\TPU\conf\10376 |t Перспективы развития фундаментальных наук |l Prospects of fundamental sciences development |o сборник научных трудов XII Международной конференция студентов и молодых ученых, г. Томск, 21-24 апреля 2015 г. |f Национальный исследовательский Томский политехнический университет (ТПУ) ; Национальный исследовательский Томский государственный университет (ТГУ) ; Томский государственный архитектурно-строительный университет (ТГАСУ) ; Томский государственный университет систем управления и радиоэлектроники (ТУСУР) ; ред. кол. И. А. Курзина ; Г. А. Воронова ; С. А. Поробова |v [С. 763-765] |d 2015 | |
| 510 | 1 | |a Influence of RF magnetron plasma on morphology and the surface structure bioresorbable polymer films |z eng | |
| 610 | 1 | |a электронный ресурс | |
| 610 | 1 | |a труды учёных ТПУ | |
| 610 | 1 | |a плазма | |
| 610 | 1 | |a морфология | |
| 610 | 1 | |a структура | |
| 610 | 1 | |a поверхности | |
| 610 | 1 | |a полимерные пленки | |
| 700 | 1 | |a Богомолова |b Н. Н. |c инженер Томского политехнического университета |c физик |g Наталья Николаевна |2 stltpush |3 (RuTPU)RU\TPU\pers\32942 | |
| 702 | 1 | |a Твердохлебов |b С. И. |c физик |c доцент Томского политехнического университета, кандидат физико-математических наук |f 1961- |g Сергей Иванович |2 stltpush |4 727 | |
| 712 | 0 | 2 | |a Национальный исследовательский Томский политехнический университет (ТПУ) |b Физико-технический институт (ФТИ) |b Кафедра теоретической и экспериментальной физики (ТиЭФ) |h 138 |2 stltpush |3 (RuTPU)RU\TPU\col\18726 |
| 801 | 1 | |a RU |b 63413507 |c 20101016 | |
| 801 | 2 | |a RU |b 63413507 |c 20210128 |g RCR | |
| 856 | 4 | |u http://earchive.tpu.ru/handle/11683/19031 | |
| 856 | 4 | |u http://www.lib.tpu.ru/fulltext/c/2015/C21/240.pdf | |
| 942 | |c BK | ||